Současné rozdíly mezi USA a jejich evropskými spojenci
Príčiny narastajúceho zaostávania Európy za USA. Bezpečnostná stratégia USA. Strategická kontrola a jej vojenské nástroje. Kaganová štúdia o transatlatických vzťahoch. Rozdiely v názoroch na príčiny terorizmu a na boj proti nemu. Bezpečnostný diferenciál medzi USA a EÚ.
Saved in:
| Main Author: | |
|---|---|
| Format: | Book Chapter |
| Subjects: | |
| Tags: |
No Tags, Be the first to tag this record!
|
MARC
| LEADER | 00000naa a2200000 4500 | ||
|---|---|---|---|
| 001 | r046841 | ||
| 005 | 20231004105327.8 | ||
| 044 | |a CZ | ||
| 245 | 1 | 0 | |a Současné rozdíly mezi USA a jejich evropskými spojenci |c Jan Eichler |
| 520 | |a Príčiny narastajúceho zaostávania Európy za USA. Bezpečnostná stratégia USA. Strategická kontrola a jej vojenské nástroje. Kaganová štúdia o transatlatických vzťahoch. Rozdiely v názoroch na príčiny terorizmu a na boj proti nemu. Bezpečnostný diferenciál medzi USA a EÚ. | ||
| 610 | 2 | 0 | |a politika bezpečnostná |
| 610 | 2 | 0 | |a politika medzinárodná |
| 610 | 2 | 0 | |a USA |
| 610 | 2 | 0 | |a Európa |
| 610 | 2 | 0 | |a terorizmus |
| 610 | 2 | 0 | |a obrana štátu |
| 610 | 2 | 0 | |a vzťahy politické medzinárodné |
| 100 | 1 | |a Eichler, Jan | |